| 000 | 00435nam a2200157 4500 | ||
|---|---|---|---|
| 001 | 148771 | ||
| 003 | ES-MaACL | ||
| 005 | 20230906202810.0 | ||
| 007 | t| | ||
| 008 | 070214s1972 sp r ||||1| spa d | ||
| 100 | 1 |
_aSuay, Francisco. _9108677 |
|
| 245 | 1 | 0 |
_aPescando la trucha / _cFrancisco Suay. |
| 260 |
_aBarcelona : _bEd. Hispano Europea, _c1972. |
||
| 300 |
_a437 p. : _bil. ; _c21 cm. |
||
| 852 |
_aES-MaACL _jC-52510 _bR.85509 |
||
| 999 |
_c148771 _d148771 |
||